Edward Wilson of the Antartic (Record no. 119348)
[ view plain ]
| 000 -LEADER | |
|---|---|
| fixed length control field | 00481nam a22001457a 4500 |
| 008 - FIXED-LENGTH DATA ELEMENTS--GENERAL INFORMATION | |
| fixed length control field | 131219b xxu||||| |||| 00| 0 eng d |
| 050 ## - LIBRARY OF CONGRESS CALL NUMBER | |
| Classification number | QH31.W63S4 1940 |
| 100 ## - MAIN ENTRY--PERSONAL NAME | |
| Personal name | Seaver, George |
| 9 (RLIN) | 5945 |
| 245 ## - TITLE STATEMENT | |
| Title | Edward Wilson of the Antartic |
| Remainder of title | Naturalist and friend |
| Statement of responsibility, etc | George Seaver |
| 260 ## - PUBLICATION, DISTRIBUTION, ETC. (IMPRINT) | |
| Place of publication, distribution, etc | London |
| Name of publisher, distributor, etc | John Murray |
| Date of publication, distribution, etc | 1940 |
| 300 ## - PHYSICAL DESCRIPTION | |
| Extent | xxxiv; 301p.; |
| Dimensions | 22cm |
| 600 ## - SUBJECT ADDED ENTRY--PERSONAL NAME | |
| Personal name | Wilson, Edward |
| 9 (RLIN) | 5946 |
| 650 ## - SUBJECT ADDED ENTRY--TOPICAL TERM | |
| Topical term or geographic name as entry element | Natural history |
| General subdivision | Natural history |
| Geographic subdivision | Antartic region |
| 9 (RLIN) | 5947 |
| 942 ## - ADDED ENTRY ELEMENTS (KOHA) | |
| Source of classification or shelving scheme | Library of Congress Classification |
| Item type | Monograph ( Printed materials) |
| Withdrawn status | Lost status | Source of classification or shelving scheme | Damaged status | Not for loan | Home library | Current library | Date acquired | Total Checkouts | Full call number | Barcode | Date last seen | Price effective from | Koha item type |
|---|---|---|---|---|---|---|---|---|---|---|---|---|---|
| Library of Congress Classification | ARRUPE LIBRARY | ARRUPE LIBRARY | 19/12/2013 | QH31.W63S4 1940 | 464123053 | 02/07/2019 | 19/12/2013 | Monograph ( Printed materials) |